Structural Modification and Analysis of Super Mushshak A/C to convert it from two Seater Aircraft (Record no. 326440)

000 -LEADER
fixed length control field 00415 a2200133 4500
001 - CONTROL NUMBER
control field 91367
082 ## - DEWEY DECIMAL CLASSIFICATION NUMBER
Classification number PR 1270
090 ## - LOCALLY ASSIGNED LC-TYPE CALL NUMBER (OCLC); LOCAL CALL NUMBER (RLIN)
-- 43489
-- 43488
100 ## - MAIN ENTRY--PERSONAL NAME
Personal name Noman Imran; Prof Amir Mansoor (Advisor)
245 ## - TITLE STATEMENT
Title Structural Modification and Analysis of Super Mushshak A/C to convert it from two Seater Aircraft
Number of part/section of a work 48 "A" EC
260 ## - PUBLICATION, DISTRIBUTION, ETC.
Place of publication, distribution, etc. Karachi
Name of publisher, distributor, etc. NED University
Date of publication, distribution, etc. 1998
300 ## - PHYSICAL DESCRIPTION
Extent 82p
500 ## - GENERAL NOTE
General note BE Project Reports
942 ## - ADDED ENTRY ELEMENTS (KOHA)
Institution code [OBSOLETE] CAE NUST
Call number prefix PR 1270
Holdings
Withdrawn status Lost status Damaged status Not for loan Collection code Permanent Location Current Location Date acquired Total Checkouts Full call number Barcode Date last seen Price effective from Koha item type
          College of Aeronautical Engineering (CAE) College of Aeronautical Engineering (CAE) 04/03/2017   PR 1270 CAEPR-1270 04/05/2017 04/05/2017 Book
© 2023 Central Library, National University of Sciences and Technology. All Rights Reserved.